000 00750nam a2200241Ia 4500
003 OSt
005 20230726110433.0
008 210716s2013 xx 000 0 und d
020 _a9780070435063
040 _cAIMIT LIBRARY
041 _aeng
082 _a343.540999
_21
_bSOOV
100 _aSood, Vivek.
_9128393
245 _aCyber law simplified /
_cBy Vivek Sood.
250 _a1st ed.
260 _aNew Delhi :
_bTata McGraw Hill Publishing Company Ltd ,
_c2013.
300 _axxv,598p. ;
_bPB
_c23.3 cm
650 _aNone
_9128394
651 _aContracts in the infotech world
_9128395
651 _aContracts in the infotech world
_9128395
651 _aJurisdiction in the cyber world
_9128396
942 _2ddc
_cBK
_e1st
_k34.0540999 SOOV
999 _c211016
_d211016